Die Top 16 aller PDC Dartsspieler 2000 - Statistiken

Allgemein
  • Dieses Quiz wurde 20 mal gespielt
  • Das Durchschnittsergebnis liegt bei 8 aus 16
Antwortstatistiken
Weltranglistenplatz Land Dartsspieler % Korrekt
1 England Phil Taylor
100%
9 Kanada John Part
85%
4 England Alan Warriner-Little
62%
15 England Bob Anderson
62%
6 England Dennis Priestley
62%
5 England Rod Harrington
62%
8 England Dennis Smith
54%
2 England Peter Manley
46%
10 England John Lowe
38%
11 England Keith Deller
38%
7 England Peter Evison
38%
14 Schottland Jamie Harvey
31%
16 England Ronnie Baxter
31%
12 USA Steve Brown
31%
3 England Shayne Burgess
23%
13 England Mick Manning
8%
Keine übereinstimmenden Quizze gefunden
Verteilung der Resultate
Anzahl Personen mit jedem Resultat
Perzentil nach korrekt beantworteten Fragen
Ihre Resultats-Entwicklung
Sie haben dieses Quiz noch nicht gespielt